01454nam0a22002531 4500001001100000005001700011035002600028100004100054101000800095102000700103105001800110200034100128210005100469215002300520300030700543320003500850510007800885700006300963701006001026701005601086801001801142801002201160852001801182rc\112759420250622185929.0 a(NLR Aleph) 006369600 a20041126d1981 |||y0rusy50 ca0 arus aRU aa |||||||||1 aГеоботаническая структура и биологическая продуктивность пойменных луговdGeobotanical structure and biological productivity of flood plain meadowse(По исслед. поймы р. Березины)fИ.Д. Юркевич, Н.А. Буртыс, Р.С. Бусько aМинскcНаука и техникаd1981 a230 с.cил.d27 aВ надзаг.: АН БССР, Науч. совет по пробл. "Биол. основы рацион. использ., преобразования и охраны растит. мира", Ин-т эксперим. ботаники им. В.Ф. Купревича, Лаб. геоботаники aБиблиогр.: с. 216-2220 aGeobotanical structure and biological productivity of flood plain meadows 1aЮркевичbИ.Д.f1902-gИван Данилович 1aБуртысbН.А.gНадежда Андреевна 1aБуськоbС.Р.gСофья Романовна 0aRUbNLRgpsbo 1aRUbELAR2rusmarc aNLRj82-7/161